000 00365nam a22001337a 4500
999 _c130477
_d130477
008 200519b ||||| |||| 00| 0 eng d
050 _aSPC. HS3. P46
100 _aStacer, John R.
_949787
245 _aPhilosophy of person
_cJohn R. Stacer
300 _a10p. ;
_c31cm.
500 _aChess notes
650 _aPhilosophical anthropology
_949793
942 _2lcc
_cSPC